000 07028nam a22005657a 4500
005 20120209115639.0
010 _aB-473816-841
020 _c50.00
_a9788185586540
035 _aB-473816-841
037 _bब्लूबेरी बुक्स
082 _a
100 _aबेदी, रजिन्दर सिंह
_950875
245 _aभोला /
_cरजिन्दर सिंह बेदी;सुजाता खन्ना द्वारा चित्रांकित
250 _a6वां संस्क
260 _aनई दिल्ली
_bकथा
_c2010
270 _aए-3 सर्वोदय एनक्लेव, श्री औरोबिन्दो मार्ग
_bनई दिल्ली
_e110017
300 _a19.पृ.
_bसचित्र
_c22सेमी (अजिल्द)
500 _aमूल उर्दू भाषा से अनूदित व रूपांतरित
700 _aखन्ना, सुजाता
_941293
700 _941305
942 _2ddc
_cCH
_h
_mबेदीर
999 _c62375
_d62375